|
|
|
|
| LEADER |
00890nam a2200205 a 4500 |
| 001 |
GR-MES215 |
| 008 |
991111s gr 000 b eng d |
| 020 |
|
|
|a 3891044828
|
| 040 |
|
|
|a GrPaTEI
|b gre
|c GR-PaULI
|
| 245 |
0 |
0 |
|a Zoogeography of fresh waters
|n 2ος .
|p Distribution and dispersal of freshwater animals in North America and Eurasia.
|
| 260 |
|
|
|a Wiesbaden :
|b Aula-Verlag Wiesbaden,
|c c1992
|
| 300 |
|
|
|a 518-1091σελ. :
|b εικ.
|
| 650 |
|
4 |
|a Ψάρια γλυκού νερού
|
| 650 |
|
4 |
|a Ψάρια-Γεωγραφική κατανομή
|
| 700 |
1 |
|
|a Banarescu, P.
|
| 710 |
0 |
|
|a Aula-Verlag Wiesbaden
|
| 942 |
|
|
|2 ddc
|
| 952 |
|
|
|0 0
|1 0
|2 ddc
|4 0
|6 597_092000000000000_BAN
|7 0
|9 263472
|a MSLG
|b MSLG
|c BSC
|d 2021-01-17
|e 24
|f 0
|g 0.00
|l 0
|o 597.092 BAN
|p 2420000003997
|r 2021-01-17 00:00:00
|t 1
|w 2021-01-17
|y BK15
|x 19991111 0 1
|x GrPaTEI
|
| 971 |
|
|
|a .b25712561
|b 15-04-20
|c 13-09-16
|
| 999 |
|
|
|c 151665
|d 151665
|